Juicio universal / (Record no. 117819)

MARC details
000 -LEADER
campo de control de longitud fija 00761nam a2200253 i 4500
001 - NÚMERO DE CONTROL
campo de control 117819
003 - IDENTIFICADOR DE NÚMERO DE CONTROL
campo de control ES-MaACL
005 - FECHA Y HORA DE LA ÚLTIMA TRANSACCIÓN
campo de control 20251015063119.0
007 - CAMPO FIJO DE DESCRIPCIÓN FÍSICA--INFORMACIÓN GENERAL
campo de control de longitud fija t|
008 - DATOS DE LONGITUD FIJA--INFORMACIÓN GENERAL
campo de control de longitud fija 070214s1959 sp r ||||1| spa d
080 ## - NÚMERO DE LA CLASIFICACIÓN DECIMAL UNIVERSAL
Número de la Clasificación Decimal Universal 821.131.1-97"19"
100 1# - ENTRADA PRINCIPAL--NOMBRE DE PERSONA
Nombre de persona Papini, Giovanni,
Fechas asociadas al nombre 1881-1956
9 (RLIN) 88874
245 10 - MENCIÓN DEL TÍTULO
Título Juicio universal /
Mención de responsabilidad, etc. Giovanni Papini ; traducción del italiano por Isidoro Martín.
250 ## - MENCION DE EDICION
Mención de edición 1ª ed.
260 ## - PUBLICACIÓN, DISTRIBUCIÓN, ETC.
Lugar de publicación, distribución, etc. Barcelona :
Nombre del editor, distribuidor, etc. Planeta,
Fecha de publicación, distribución, etc. 1959.
300 ## - DESCRIPCIÓN FÍSICA
Extensión XXIV, 720 p. ;
Dimensiones 21 cm.
490 1# - MENCIÓN DE SERIE
Mención de serie Omnibus ;
Designación de volumen o secuencia 17
650 #4 - PUNTO DE ACCESO ADICIONAL DE MATERIA--TÉRMINO DE MATERIA
Término de materia o nombre geográfico como elemento de entrada Juicio final.
9 (RLIN) 173212
650 #4 - PUNTO DE ACCESO ADICIONAL DE MATERIA--TÉRMINO DE MATERIA
Término de materia o nombre geográfico como elemento de entrada Escatología.
9 (RLIN) 12349
700 1# - ENTRADA AGREGADA--NOMBRE PERSONAL
Nombre de persona Martín Martínez, Isidoro.
9 (RLIN) 77559
830 1# - PUNTO DE ACCESO ADICIONAL DE SERIE-TÍTULO UNIFORME
Título uniforme Omnibus ;
Designación de volumen o secuencia 17
9 (RLIN) 177342
852 ## - LOCALIZACIÓN
Ubicación ES-MaACL
Número de control de estantería C-16181
Holdings
Estatus retirado Estado de pérdida Estado de daño No para préstamo Biblioteca de origen Biblioteca actual Ubicación en estantería Fecha de adquisición Fuente de adquisición Total de préstamos Signatura topográfica completa Código de barras Visto por última vez Precio de reemplazo Tipo de ítem Koha
        Biblioteca del Ateneo de Madrid Biblioteca del Ateneo de Madrid Ficheros 17/01/2008     C-16181 1122830 23/02/2023 23/02/2023 Libro impreso